Biggest 'A' Cities by Country - Statistics

General Stats
  • This quiz has been taken 365 times
    270 since last reset
  • The average score is 13 of 20
Answer Stats
Population Country City % Correct
4,474,305 Turkey Ankara
96%
821,702 Netherlands Amsterdam
93%
1,413,700 New Zealand Auckland
92%
4,247,414 Egypt Alexandria
91%
1,275,857 Jordan Amman
91%
1,935,234 United Arab Emirates Abu Dhabi
88%
1,277,174 Australia Adelaide
88%
510,610 Belgium Antwerp
88%
512,112 Paraguay Asunción
87%
3,040,740 Ethiopia Addis Ababa
82%
2,132,100 Syria Aleppo
78%
189,120 United Kingdom Aberdeen
72%
842,592 United States Austin
72%
239,865 Denmark Århus
65%
429,060 Spain Alicante
50%
600,177 Morocco Agadir
31%
147,571 France Angers
27%
1,582,742 China Anshan
23%
722,250 Mexico Aguascalientes
22%
133,497 Canada Abbotsford
9%
No matching quizzes found
Score Distribution
Percent of People with Each Score
Percentile by Number Answered
Your Score History
You have not taken this quiz since the last reset